000
00258nam a22000977a 4500
999
_c
11188
_d
11188
008
181008b ||||| |||| 00| 0 eng d
020
_a
9781472379337
100
_a
PARRAGON
_9
6945
245
_a
5000 AMAZING FACTS
260
_a
NEW DELHI
_b
PARRAGON PUBLICATION
_c
2015